Giáo trình đạo đức và phương pháp dạy học môn đạo đức ở tiểu học
Nội dung sách gồm hai phần: phần 1 giới thiệu một số vấn đề cơ bản về đạo đức, đạo đức học; phần 2 giới thiệu phương pháp dạy học môn đạo đức ở tiểu học.
Сохранить в:
| Главный автор: | |
|---|---|
| Формат: | |
| Язык: | Undetermined |
| Опубликовано: |
Hà Nội
Nxb. Đại học Sư phạm
2015
|
| Предметы: | |
| Метки: |
Добавить метку
Нет меток, Требуется 1-ая метка записи!
|
| Thư viện lưu trữ: | Trung tâm Học liệu Trường Đại học Cần Thơ |
|---|
| LEADER | 00995nam a2200217Ia 4500 | ||
|---|---|---|---|
| 001 | CTU_157443 | ||
| 008 | 210402s9999 xx 000 0 und d | ||
| 020 | |c 59000 | ||
| 082 | |a 372.83 | ||
| 082 | |b H466 | ||
| 100 | |a Nguyễn, Hữu Hợp | ||
| 245 | 0 | |a Giáo trình đạo đức và phương pháp dạy học môn đạo đức ở tiểu học | |
| 245 | 0 | |c Nguyễn Hữu Hợp | |
| 260 | |a Hà Nội | ||
| 260 | |b Nxb. Đại học Sư phạm | ||
| 260 | |c 2015 | ||
| 520 | |a Nội dung sách gồm hai phần: phần 1 giới thiệu một số vấn đề cơ bản về đạo đức, đạo đức học; phần 2 giới thiệu phương pháp dạy học môn đạo đức ở tiểu học. | ||
| 650 | |a Ethics,Đạo đức | ||
| 650 | |x Study and teaching (Elementary),Học và giảng dạy (Tiểu học) | ||
| 904 | |i Tuyến | ||
| 980 | |a Trung tâm Học liệu Trường Đại học Cần Thơ | ||